00760nam a2200217 a 450000100100000000500170001000800410002702000180006804000250008608200200011110000380013124500530016926000380022230000200026059000260028065000280030665000310033491000420036595201180040799900170052500001593220240412074244.0100222s2008 dr r 000 p spa d a9789945161809 aDO-SdBNPbspacBNPHU aRD861.44bR789e1 aRosario Mena, Juan Antonio93582110aEn el otro sendero /cJuan Antonio Rosario Mena. aSanto Domingo :bDragón,c2008. a75 p. ;c20 cm. aInventariado, 2018/BT 0aPoesía dominicana966 0aLiteratura dominicana.967 aValidado. Control de calidad. MMOLINA 0010718PDaPDbPDcHDd2010-02-22iLF1l0oRD861.44 R789ep15932-10r2020-06-25w2020-06-25yLFPDZNo se presta c15474d15474